[Event "CRO-Cup"]
[Site "Pula"]
[Date "1996.??.??"]
[Round "?"]
[White "Loncar, Robert"]
[Black "Golubovic, Boris"]
[Result "1/2-1/2"]
[WhiteElo "2455"]
[BlackElo "2385"]

1.e4 d6 2.d4 Nf6 3.Nc3 Nbd7 4.Nf3 e5 5.Bc4 Be7 6.O-O O-O 7.Qe2 c6 8.dxe5 Nxe5
9.Nxe5 dxe5 10.Be3 Bb4 11.f3 Qe7 12.Nd1 Be6 13.Nf2 Rfe8 14.Rfd1 Ba5 15.Bxe6 Qxe6
16.b3 Bb6  1/2-1/2

[Event "Recklinghausen"]
[Site "Recklinghausen"]
[Date "1996.??.??"]
[Round "1"]
[White "Skripchenko, Almira"]
[Black "Schmaltz, Roland"]
[Result "1/2-1/2"]
[WhiteElo "2370"]
[BlackElo "2440"]

1.e4 d6 2.d4 Nf6 3.Nc3 Nbd7 4.f4 e5 5.Nf3 exd4 6.Qxd4 c6 7.Be3 Be7 8.O-O-O O-O
9.e5 Ne8 10.exd6 Nxd6 11.g4 Qa5 12.f5 b5 13.Kb1 b4 14.Ne4 c5 15.Nxc5 Nxc5
16.Qxc5 Qxc5 17.Bxc5 Nxf5 18.Bxe7 Nxe7 19.Rg1 Be6  1/2-1/2

[Event "Regensburg op"]
[Site "Regensburg"]
[Date "1996.??.??"]
[Round "2"]
[White "Uvarov, Vyacheslav"]
[Black "Deglmann, Ludwig"]
[Result "1/2-1/2"]
[WhiteElo "2205"]
[BlackElo "2240"]

1.e4 d6 2.d4 Nf6 3.Nc3 e5 4.dxe5 dxe5 5.Qxd8+ Kxd8 6.Bc4 Be6 7.Bxe6 fxe6
8.Bg5 Bd6 9.O-O-O Ke7 10.f3 Nd7 11.Nge2 a6 12.h4 h6 13.Be3 Nh5 14.a4 b6 15.b3 Rhf8
16.Kb2 Nf4 17.Rh2 Rab8 18.Rg1 b5 19.axb5 axb5 20.g3 Nh5 21.Rf2 Nhf6 22.Ra1 Rb7  1/2-1/2

[Event "Regensburg op"]
[Site "Regensburg"]
[Date "1996.??.??"]
[Round "6"]
[White "Martin, David"]
[Black "Deglmann, Ludwig"]
[Result "1/2-1/2"]
[WhiteElo "2155"]
[BlackElo "2240"]

1.e4 d6 2.d4 Nf6 3.Nc3 e5 4.dxe5 dxe5 5.Qxd8+ Kxd8 6.Bg5 Be6 7.Nf3 Nd7 8.O-O-O Bd6
9.Bd3 h6 10.Bxf6+ Nxf6 11.Rd2 a6 12.h3 Ke7 13.Rhd1 Rhd8 14.Be2 b5 15.a3 c6
16.Bd3  1/2-1/2

[Event "EU-ch U16"]
[Site "Rimavska Sobota"]
[Date "1996.??.??"]
[Round "1"]
[White "Blehm, Pawel"]
[Black "Rufener, Markus"]
[Result "1-0"]
[WhiteElo "2395"]
[BlackElo "2080"]

1.e4 d6 2.d4 Nf6 3.Nc3 c6 4.f4 Qa5 5.Bd3 e5 6.Nf3 Nbd7 7.Qe2 Be7 8.Bd2 Qc7
9.O-O-O O-O 10.Rhg1 Re8 11.g4 exd4 12.Nxd4 Bf8 13.g5 Nd5 14.Nf5 Nc5 15.Qf3 Nxd3+
16.Qxd3 Nxc3 17.Nh6+ Kh8 18.Bxc3 b5 19.b3 c5 20.f5 Bb7 21.g6 fxg6 22.fxg6 Bxe4
23.Qh3  1-0

[Event "Sakthi"]
[Site "Sakthi"]
[Date "1996.??.??"]
[Round "2"]
[White "Tilak, Sharad S"]
[Black "Koshy, Varugeese"]
[Result "1/2-1/2"]
[WhiteElo "2385"]
[BlackElo "2410"]

1.e4 d6 2.d4 Nf6 3.Nc3 e5 4.Nf3 Nbd7 5.Bc4 Be7 6.O-O O-O 7.Re1 c6 8.a4 b6
9.d5 Bb7 10.Qe2 cxd5 11.exd5 a6  1/2-1/2

[Event "Sakthi"]
[Site "Sakthi"]
[Date "1996.??.??"]
[Round "9"]
[White "Lovlu, Saifuddi"]
[Black "Murshed, Niaz"]
[Result "0-1"]
[WhiteElo "2215"]
[BlackElo "2510"]

1.e4 d6 2.d4 Nf6 3.Nc3 c6 4.f4 Qa5 5.Bd3 e5 6.Nf3 exd4 7.Nxd4 g6 8.Nb3 Qc7
9.O-O Bg7 10.Kh1 O-O 11.Be3 Nbd7 12.a4 b6 13.Qd2 a6 14.Be2 Re8 15.Bf3 Bb7
16.Rad1 Bf8 17.g4 b5 18.Qg2 b4 19.g5 bxc3 20.gxf6 Nxf6 21.bxc3 Bg7 22.Bf2 c5
23.Nd2 Bc6 24.Rfe1 Rad8 25.Ra1 Nd7 26.Ra3 a5 27.Nc4 Nb6 28.Nxa5 Bxa4 29.Bh4 Ra8
30.Nb3 Bxc3 31.Rf1 Nc4 32.Rxa4 Rxa4 33.Qf2 Nb6 34.f5 Bg7 35.Bg5 Raxe4  0-1

[Event "Sakthi"]
[Site "Sakthi"]
[Date "1996.??.??"]
[Round "11"]
[White "Konguveel, Ponnuswamy"]
[Black "Koshy, Varugeese"]
[Result "1-0"]
[WhiteElo "2395"]
[BlackElo "2410"]

1.e4 d6 2.d4 Nf6 3.Nc3 e5 4.Nf3 Nbd7 5.Bc4 Be7 6.O-O O-O 7.a4 c6 8.Ba2 h6
9.h3 Nh7 10.dxe5 dxe5 11.Qe2 Ng5 12.Rd1 Qc7 13.Nxg5 hxg5 14.Qf3 Bf6 15.Be3 Qd8
16.Rd6 Qe7 17.Rad1 Re8 18.a5 Nf8 19.Bc5 b6 20.Rxc6  1-0

[Event "Salongernas Elo"]
[Site "Salongernas"]
[Date "1996.??.??"]
[Round "?"]
[White "Berg, Susanne"]
[Black "Eriksson, Jorgen"]
[Result "0-1"]
[WhiteElo "2080"]
[BlackElo "2215"]

1.e4 d6 2.d4 Nf6 3.Nc3 e5 4.Nf3 Nbd7 5.Be2 Be7 6.h3 c6 7.Be3 O-O 8.O-O b5
9.a3 a6 10.Nd2 Re8 11.a4 Bb7 12.dxe5 dxe5 13.Re1 h6 14.Bf3 Nc5 15.Bxc5 Bxc5
16.Nb3 Bb6 17.Qe2 Qe7 18.Nc1 Rad8 19.Nd3 Nh7 20.g3 Ng5 21.Bg2 Ne6 22.Qd1 Qg5
23.Ne2 Nc5 24.a5 Ba7 25.h4 Qf6 26.Rf1 Qg6 27.Qd2 Nxe4 28.Bxe4 Qxe4 29.Nc3 Qf3
30.Qe2 Qxg3+  0-1

[Event "San Roque"]
[Site "San Roque"]
[Date "1996.??.??"]
[Round "2"]
[White "Garcia Luque, Agustin"]
[Black "Izeta Txabarri, Felix"]
[Result "0-1"]
[WhiteElo "2365"]
[BlackElo "2470"]

1.e4 d6 2.d4 Nf6 3.Nc3 Nbd7 4.f4 e5 5.Nf3 exd4 6.Qxd4 c6 7.e5 dxe5 8.fxe5 Bc5
9.Qh4 Qe7 10.Bf4 Bb4 11.Bd3 Nd5 12.Bg5 f6 13.Bg6+ Kd8 14.O-O Bxc3 15.bxc3 fxg5
16.Nxg5 Nxe5 17.Rae1 Qc5+ 18.Kh1 Qc4 19.Nf7+ Kc7 20.Qg3 hxg6 21.Qxe5+ Kb6
22.Nxh8 Bf5 23.Rb1+ Ka5 24.Nf7 b5 25.Nd6 Qxc3 26.Qxc3+ Nxc3 27.Rb3 Ne4 28.Nxf5 gxf5
29.Rxf5 Re8 30.h3 Rd8 31.Rf7 a6 32.Rxg7 Rd2 33.h4 Rxc2 34.a3 c5 35.h5 c4
36.Re3 Nd2 37.h6 Rc1+ 38.Kh2 Nf1+ 39.Kh3 Nxe3  0-1

[Event "San Roque"]
[Site "San Roque"]
[Date "1996.??.??"]
[Round "2"]
[White "Sion Castro, Marcelino"]
[Black "Azmaiparashvili, Zurab"]
[Result "0-1"]
[WhiteElo "2400"]
[BlackElo "2660"]

1.e4 d6 2.d4 Nf6 3.Nc3 c6 4.f4 Qa5 5.Bd3 e5 6.Nf3 exd4 7.Nxd4 g6 8.Nf3 Bg7
9.O-O O-O 10.Qe1 Nbd7 11.f5 Nc5 12.Qh4 gxf5 13.Bh6 Ncxe4 14.Bxe4 fxe4 15.Ng5 Bf5
16.Bxg7 Kxg7 17.Qf4 h6 18.Qxf5 Qxf5 19.Rxf5 hxg5 20.Rxg5+ Kh6 21.Rf5 Ng4
22.Nxe4 d5 23.Ng3 Kg6 24.c3 Rae8 25.Rf4 Ne3 26.Re1 Re5 27.Re2 Rfe8 28.Ref2 f5
29.h3 c5 30.Nf1 Nc4 31.Ng3 Nd6 32.R2f3 Re1+ 33.Kh2 R8e5 34.Rh4 Rb1 35.b4 c4
36.Rh8 Rc1 37.Rg8+ Kf7 38.Rd8 Ke7 39.Ra8 f4 40.Rxf4 Rxc3 41.Rg8 Rce3 42.Rg7+ Ke8
43.h4 c3 44.Rf2 d4  0-1

[Event "Sao Paulo Charlier"]
[Site "Sao Paulo"]
[Date "1996.??.??"]
[Round "6"]
[White "Tsuboi, Edson Kenji"]
[Black "Pelikian, Jefferson"]
[Result "1-0"]
[WhiteElo "2345"]
[BlackElo "2365"]

1.e4 d6 2.d4 Nf6 3.Nc3 c6 4.f4 Qa5 5.Bd3 Bg4 6.Nf3 e5 7.Be3 Nbd7 8.Qd2 Be7
9.O-O Bxf3 10.Rxf3 Ng4 11.Ne2 Qb6 12.c3 Nxe3 13.Rxe3 Bf6 14.Bc4 O-O 15.Kh1 Rad8
16.Rd3 Qc7 17.Rd1 Nb6 18.Bb3 exf4 19.Qxf4 Qe7 20.Rf1 Bg5 21.Qg4 Bh6 22.Ng3 g6
23.Nf5 Qg5 24.Qe2 gxf5 25.Rg3 Qxg3 26.hxg3 fxe4 27.Qxe4 d5 28.Qf5 Rd6 29.Bc2 Rg6
30.Qh5 Kg7 31.Bxg6 hxg6 32.Qe2 Nc4 33.Rf3 Nd2 34.Qe7 Nc4 35.g4 Kg8 36.g5 Bg7
37.Qxb7  1-0

[Event "Savonlinna op"]
[Site "Savonlinna"]
[Date "1996.??.??"]
[Round "?"]
[White "Puranen, Jukka"]
[Black "Jouhki, Yrjo Markus"]
[Result "1/2-1/2"]
[WhiteElo "2300"]
[BlackElo "2245"]

1.d4 d6 2.e4 Nf6 3.Nc3 e5 4.dxe5 dxe5 5.Qxd8+ Kxd8 6.Bg5 Be6 7.O-O-O+ Nd7
8.f3 Bd6 9.Nge2 h6 10.Be3 Ke7 11.g4 c6 12.Ng3 g6 13.Be2 Bc5 14.Nf1  1/2-1/2

[Event "Seefeld op"]
[Site "Seefeld"]
[Date "1996.??.??"]
[Round "?"]
[White "Niedermayr, Horst"]
[Black "Oral, Tomas"]
[Result "0-1"]
[WhiteElo "2230"]
[BlackElo "2470"]

1.e4 d6 2.d4 Nf6 3.Nc3 e5 4.Nf3 Nbd7 5.h3 Be7 6.Be3 c6 7.Be2 b5 8.d5 b4 9.dxc6 bxc3
10.cxd7+ Bxd7 11.O-O cxb2 12.Rb1 Nxe4 13.Rxb2 Nc3 14.Qd2 Nxe2+ 15.Qxe2 O-O
16.Rd1 Qc7 17.Qd3 Bc6 18.Ng5 Bxg5 19.Bxg5 d5 20.Qg3 f6 21.Bh6 f5 22.Bd2 f4
23.Qa3 f3 24.g3 Rf5 25.Rdb1 h6 26.Qc5 Qd7 27.g4 Rh5 28.Rb8+ Rxb8 29.Rxb8+ Kh7
30.Qf8 Rxh3 31.Qf5+ Qxf5 32.gxf5 Rh4 33.Rf8 Rd4 34.Bc3 Rd1+ 35.Kh2 d4 36.Bb4 Rf1
37.Kg3 Rg1+ 38.Kh3 e4 39.f6 e3 40.fxe3 f2  0-1

[Event "EU-ch U20"]
[Site "Siofok"]
[Date "1996.??.??"]
[Round "5"]
[White "Macionis, Andrius"]
[Black "Petrov, Jole"]
[Result "1/2-1/2"]
[WhiteElo "2295"]
[BlackElo "2365"]

1.e4 d6 2.d4 Nf6 3.Nc3 Nbd7 4.Nf3 e5 5.Bc4 Be7 6.O-O O-O 7.h3 c6 8.a4 a5
9.Be3 d5 10.exd5 e4 11.dxc6 exf3 12.cxd7 fxg2 13.Kxg2 Bxd7 14.Bb3 Bb4 15.Qd3 Nh5
16.Qe4 Ra6 17.Rg1 Rg6+ 18.Kh1 Bxc3 19.Rxg6 hxg6 20.bxc3 Bc6 21.d5 Nf6 22.Bg5 Nxe4
23.Bxd8 Rxd8 24.dxc6 bxc6 25.Re1 Re8 26.Kg2 Kf8 27.Rd1 Ke7 28.f3 Nxc3 29.Rd4 Ne2
30.Re4+ Kd7 31.Bxf7 Rxe4 32.fxe4 Nc3 33.Kf3 Nxa4 34.Ke3 Kd6 35.Kd4 c5+ 36.Kc4 Nb2+
37.Kb3 Nd1 38.Bxg6 Nf2 39.h4 Ke5 40.Ka4 Nxe4 41.Bxe4  1/2-1/2

[Event "EU-ch U20"]
[Site "Siofok"]
[Date "1996.??.??"]
[Round "9"]
[White "Savic, Miodrag R"]
[Black "Dyachkov, Sergej"]
[Result "0-1"]
[WhiteElo "2345"]
[BlackElo "2515"]

1.e4 d6 2.d4 Nf6 3.Nc3 Nbd7 4.Nf3 e5 5.Be2 Be7 6.O-O O-O 7.h3 a6 8.a4 b6
9.Re1 Bb7 10.d5 c6 11.Bc4 Nc5 12.b4 cxd5 13.Nxd5 Ncxe4 14.Qd3 Bxd5 15.Bxd5 Nxd5
16.Qxd5 Nf6 17.Qb7 Qb8 18.Qxb8 Raxb8 19.c4 Rfc8 20.Nd2 d5 21.cxd5 Nxd5 22.b5 axb5
23.axb5 Bb4 24.Rf1 Nc3 25.Nf3 Ne2+ 26.Kh1 e4 27.Nh4 Nxc1 28.Rfxc1 Rxc1+ 29.Rxc1 Bc5
30.Rc4 Re8 31.Nf5 g6 32.Ng3 f5 33.Rc2 Kf7 34.Nf1 f4 35.g3 e3 36.fxe3 fxe3
37.Re2 Re5 38.Nh2 Ke6 39.Ng4 Re4 40.Kg2 Bd4 41.Kf3 Kd5 42.h4 Re7 43.h5 gxh5
44.Nh6 Kc4 45.Nf5 Rf7 46.Ke4 Rxf5 47.Rc2+ Kb3 48.Rc1 Rc5  0-1

[Event "EU-ch U20"]
[Site "Siofok"]
[Date "1996.??.??"]
[Round "11"]
[White "Parker, Jonathan"]
[Black "Ruck, Robert"]
[Result "1/2-1/2"]
[WhiteElo "2470"]
[BlackElo "2465"]

1.d4 d6 2.e4 Nf6 3.Nc3 Nbd7 4.f4 e5 5.Nf3 exd4 6.Qxd4 c6 7.Be3 d5 8.O-O-O Bc5
9.Qd3 Qe7 10.e5 Ng4 11.Bxc5 Qxc5 12.Qd2 Nb6 13.Nd4 h5 14.Re1 g6 15.h3 Nh6
16.e6 Bxe6 17.Nxe6 fxe6 18.Rxe6+ Kf7 19.Re5 Rad8 20.Bd3 Nc4 21.Bxc4 Qxc4
22.Rhe1 Rhe8 23.b3 Qb4 24.Rxe8 Rxe8 25.Rxe8 Kxe8 26.Qe3+ Kf7 27.Qe5 h4  1/2-1/2

[Event "BUL-ch"]
[Site "Sofia"]
[Date "1996.??.??"]
[Round "4"]
[White "Inkiov, Ventzislav"]
[Black "Spasov, Vasil"]
[Result "0-1"]
[WhiteElo "2505"]
[BlackElo "2575"]

1.d4 d6 2.e4 Nf6 3.Nc3 e5 4.dxe5 dxe5 5.Qxd8+ Kxd8 6.Nf3 Bd6 7.Bg5 Be6 8.Bxf6+ gxf6
9.O-O-O Nd7 10.Nh4 Bc5 11.Rd2 c6 12.Na4 Bf8 13.Kb1 Kc7 14.Be2 b5 15.Nc3 Bb4
16.Rd3 Nc5 17.Re3 Bxc3 18.bxc3 Rad8 19.Rd1 Rxd1+ 20.Bxd1 Rg8 21.g3 a5 22.a3 Rd8
23.Kc1 Bc4 24.Be2 Bxe2 25.Rxe2 Na4 26.Re3 Kb6 27.Nf3 Rd6 28.Nd2 c5 29.Nf3 c4
30.Nd2 Kc5 31.h3 b4 32.axb4+ axb4 33.cxb4+ Kxb4 34.Nb1 c3 35.Rf3 Rd4 36.Re3 h6
37.g4 Rc4 38.Rf3 Rxe4 39.Nxc3 Nxc3 40.Rxf6 Re1+ 41.Kd2 Rd1+ 42.Ke3 Nd5+ 43.Ke2 Nxf6
44.Kxd1 Kc3 45.Ke2 Kd4  0-1

[Event "BUL-ch"]
[Site "Sofia"]
[Date "1996.??.??"]
[Round "5"]
[White "Delchev, Aleksander"]
[Black "Spasov, Vasil"]
[Result "0-1"]
[WhiteElo "2510"]
[BlackElo "2575"]

1.e4 d6 2.d4 Nf6 3.Nc3 e5 4.Nf3 Nbd7 5.Bc4 Be7 6.O-O O-O 7.a4 h6 8.Re1 c6
9.Ba2 Nh7 10.Be3 Ng5 11.dxe5 dxe5 12.Nxg5 Bxg5 13.Qh5 Nf6 14.Bxg5 Nxh5 15.Bxd8 Rxd8
16.Rad1 Bd7 17.a5  0-1

[Event "Solymar op"]
[Site "Solymar"]
[Date "1996.??.??"]
[Round "?"]
[White "Mayer, Istvan"]
[Black "Czebe, Attila"]
[Result "0-1"]
[WhiteElo "2240"]
[BlackElo "2325"]

1.e4 d6 2.d4 Nf6 3.Nc3 e5 4.dxe5 dxe5 5.Qxd8+ Kxd8 6.Bg5 Be6 7.O-O-O+ Nd7
8.Nge2 c6 9.g3 Kc7 10.Bg2 Ng4 11.Rdf1 Bc5 12.Nd1 h6 13.Bd2 Bc4 14.Bf3 Ngf6
15.Re1 Bxa2 16.Ne3 Be6 17.Bg2 a5 18.f4 Bxe3 19.Bxe3 Ng4 20.Bg1 Nb6 21.h3 Nf6
22.fxe5 Nfd7 23.Nd4 Nxe5 24.Bh2 Nbd7 25.g4 Rhe8 26.Rhf1 b6 27.Nf5 Bxf5 28.exf5 f6
29.Bg1  0-1

[Event "Zhukov mem"]
[Site "Spasskoe"]
[Date "1996.??.??"]
[Round "10"]
[White "Belikov, Vladimir"]
[Black "Komliakov, Viktor"]
[Result "1/2-1/2"]
[WhiteElo "2500"]
[BlackElo "2500"]

1.e4 d6 2.d4 Nf6 3.Nc3 e5 4.Nf3 Nbd7 5.Bc4 Be7 6.O-O O-O 7.Re1 c6 8.a4 a5
9.h3 exd4 10.Nxd4 Nc5 11.Bf4 Re8 12.Nb3 Nxb3 13.Bxb3 Be6 14.Bxe6 fxe6 15.e5 dxe5
16.Bxe5 Qxd1 17.Raxd1 Rad8 18.Rxd8 Bxd8 19.Rd1 Be7 20.Kf1 Rd8 21.Bc7 Ra8
22.Rd3 Kf7 23.Ke2 h6 24.g4 Ke8 25.f4 Kf7 26.Kf3 Ne8 27.Be5 Rd8 28.Rxd8 Bxd8
29.Ne4 b6 30.c4 Bf6 31.Bxf6 gxf6 32.f5 e5 33.h4 Ke7 34.b3 Nd6 35.Nxd6 Kxd6
36.h5 Kc5 37.Ke4 Kd6 38.Ke3 c5 39.Ke4 Ke7 40.Kd5 Kd7 41.Ke4  1/2-1/2

[Event "Zhukov mem"]
[Site "Spasskoe"]
[Date "1996.??.??"]
[Round "12"]
[White "Aleksandrov, Aleksej"]
[Black "Komliakov, Viktor"]
[Result "1-0"]
[WhiteElo "2535"]
[BlackElo "2500"]

1.d4 d6 2.Nc3 Nf6 3.e4 e5 4.h3 Be7 5.Be3 O-O 6.g4 Nc6 7.d5 Nb8 8.Nge2 c6
9.Ng3 Re8 10.g5 Nfd7 11.h4 Nf8 12.Nf5 Ng6 13.Qd2 Bf8 14.Bh3 cxd5 15.Nxd5 Bxf5
16.Bxf5 Nc6 17.h5 Nge7 18.h6 Nxf5 19.hxg7 Bxg7 20.exf5 Nd4 21.O-O-O Nxf5
22.Rdg1 Re6 23.Nf6+ Kf8 24.Rxh7 Nxe3 25.fxe3 Bxf6 26.gxf6 Qxf6 27.Qg2 Rae8
28.Qxb7 a5 29.a4 e4 30.Qa7 Re5 31.Kb1 Rf5 32.Ka2 Qe6+ 33.Ka3 Qf6 34.c3  1-0

[Event "St Cugat op"]
[Site "St Cugat"]
[Date "1996.??.??"]
[Round "9"]
[White "Tejero Royo, Fermin"]
[Black "Hernando Rodrigo, Jose Maria"]
[Result "0-1"]
[WhiteElo "2190"]
[BlackElo "2275"]

1.e4 d6 2.d4 Nf6 3.Nc3 c6 4.a4 Qa5 5.Bd2 e5 6.d5 Qc7 7.Bg5 Be7 8.Qd2 Nbd7
9.Bc4 h6 10.Bxf6 Nxf6 11.Nge2 Bd7 12.f3 Rc8 13.dxc6 bxc6 14.h4 h5 15.Bb3 O-O
16.Ng3 d5 17.Nf5 Bxf5 18.exf5 Bb4 19.g4 d4 20.gxh5 dxc3 21.bxc3 Rcd8 22.Qe3 Qb6
23.Qg5 Bxc3+ 24.Kf1 Rd2  0-1

[Event "Petrov mem"]
[Site "St Petersburg"]
[Date "1996.??.??"]
[Round "1"]
[White "Balashov, Yuri S"]
[Black "Bagrunov, Vladimir"]
[Result "1-0"]
[WhiteElo "2480"]
[BlackElo "2245"]

1.e4 d6 2.d4 Nf6 3.Nc3 e5 4.Nf3 Nbd7 5.Bc4 Be7 6.O-O O-O 7.Re1 c6 8.a4 Qc7
9.Ba2 b6 10.h3 h6 11.Nh4 Re8 12.Nf5 Bf8 13.d5 c5 14.Qf3 a6 15.Bc4 Kh7 16.g4 g6
17.Ng3 Re7 18.h4 Bg7 19.g5 Ng8 20.h5 Bb7 21.Kg2 Rf8 22.Rh1 Bc8 23.Bd2 Qd8
24.Rh2 Qe8 25.Rah1 Nb8 26.b3 Bd7 27.Nd1 b5 28.axb5 axb5 29.Be2 Qc8 30.Ne3 Na6
31.c3 Nc7 32.Ra1 Ree8 33.Rhh1 Qb7 34.Ng4 Bxg4 35.Qxg4 Nxd5 36.exd5 Qxd5+
37.Ne4 Ra8 38.Bf3 Rxa1 39.Rxa1 Qxb3 40.Ra7 Rd8 41.hxg6+ fxg6 42.gxh6 Nxh6
43.Bxh6  1-0

[Event "Petrov mem"]
[Site "St Petersburg"]
[Date "1996.??.??"]
[Round "1"]
[White "Orlov, Vassily"]
[Black "Malaniuk, Vladimir P"]
[Result "1/2-1/2"]
[WhiteElo "2405"]
[BlackElo "2585"]

1.e4 d6 2.d4 Nf6 3.Nc3 c6 4.a4 Qa5 5.Bd2 e5 6.Nf3 Qc7 7.h3 Be7 8.dxe5 dxe5
9.Bc4 O-O 10.O-O a5 11.Qe2 Na6 12.Nh4 Nb4 13.Rac1 Ne8 14.Nf5 Nd6 15.Nxe7+ Qxe7
16.Bb3 Be6 17.Bxe6 Qxe6 18.b3 Qg6 19.Qg4 Rfd8 20.Be3 Ne8 21.Qe2 Nf6 22.Bb6 Rd7
23.Rcd1 h6 24.f3 Rxd1 25.Rxd1 Nh7 26.Kh2 Nf8 27.Qf2 Ne6 28.Nb1 c5 29.Bxc5 Nxc2
30.Bd6 Ncd4 31.Bxe5 Nxb3 32.Nc3 Re8 33.f4 Nec5 34.f5 Qh5 35.Qg3 Qg5 36.Re1 Nd2
37.Qxg5 hxg5 38.Bc7 Nc4 39.Rb1 f6 40.Nd5 Rxe4 41.Rb5 Nxa4 42.Rxb7 Nc5 43.Rb5 Nd7
44.Bxa5 Nd6 45.Nc3 Rd4 46.Rd5 Rxd5 47.Nxd5 Nxf5 48.Kg1 Kf7 49.Kf2 Nc5 50.Bb6 Nd3+
51.Kg1 Ke6 52.Ne3 Nxe3 53.Bxe3 Kf5 54.Kf1 Ke4 55.Bb6 Ne5 56.Kf2 Nd7 57.Bc7 Nc5
58.Bd6 Ne6 59.Bb8 f5 60.Ba7 f4 61.Bb6 Nf8 62.Bd8 Nh7 63.Be7 Nf6 64.Bf8 g6
65.Be7 Kf5 66.Bd8 Ne4+ 67.Kf3 Nd2+ 68.Ke2 Ne4 69.Kf3 Ng3 70.Be7 Nh5 71.Bd8 Nf6
72.Kf2 Ke5 73.Kf3 Ke6 74.g3  1/2-1/2

[Event "Petrov mem"]
[Site "St Petersburg"]
[Date "1996.??.??"]
[Round "3"]
[White "Karasev, Vladimir I"]
[Black "Komliakov, Viktor"]
[Result "1/2-1/2"]
[WhiteElo "2360"]
[BlackElo "2500"]

1.e4 d6 2.d4 Nf6 3.Nc3 e5 4.dxe5 dxe5 5.Qxd8+ Kxd8 6.Nf3 Bd6 7.Bc4 Ke7 8.Bg5 c6
9.O-O-O Bc7 10.Nh4 h6 11.Bxf6+ Kxf6 12.Rd3 Ke7 13.Nf5+ Bxf5 14.exf5 Nd7 15.Ne4 Rad8
16.Rhd1 Nf6 17.Nxf6 gxf6 18.Rxd8 Rxd8 19.Rxd8 Bxd8 20.Kd2 Bb6 21.Ke2 Bc5
22.c3 a5 23.a4 Bd6 24.Kd3 Bc5 25.f3 Bg1 26.h3 Bf2 27.g4 Bc5 28.h4 Bf2 29.h5  1/2-1/2

[Event "Petrov mem"]
[Site "St Petersburg"]
[Date "1996.??.??"]
[Round "8"]
[White "Yandemirov, Valeri"]
[Black "Malaniuk, Vladimir P"]
[Result "1/2-1/2"]
[WhiteElo "2430"]
[BlackElo "2585"]

1.e4 d6 2.d4 Nf6 3.Nc3 c6 4.a4 Qa5 5.Bd2 Qc7 6.Nf3 e5 7.dxe5 dxe5 8.Bc4 Be7
9.O-O O-O 10.Qe2 Nfd7 11.Nd1 Nc5 12.Bc3 Bf6 13.Bb4 Be7 14.Bc3 Bd6 15.Nd2 Ne6
16.Bxe6 Bxe6 17.Nc4 f6 18.Nxd6 Qxd6 19.Ne3 Na6 20.Rfd1 Qc5 21.Qe1  1/2-1/2

[Event "RUS-Cup1 Chigorin mem"]
[Site "St Petersburg"]
[Date "1996.??.??"]
[Round "9"]
[White "Romanovich, Leonid"]
[Black "Shushpanov, Vladimir"]
[Result "1-0"]
[WhiteElo "2320"]
[BlackElo "2385"]

1.e4 d6 2.d4 Nf6 3.Nc3 c6 4.f3 e5 5.Be3 Be7 6.Nge2 O-O 7.Qd2 Nbd7 8.g4 b5
9.Ng3 exd4 10.Bxd4 Ne5 11.Be2 Nfd7 12.f4 b4 13.Nd1 c5 14.Be3 Ng6 15.Nf2 Nh4
16.Rg1 Qa5 17.g5 Nb6 18.b3 d5 19.f5 g6 20.f6 Bd8 21.Bf4 dxe4 22.Nfxe4 Bb7
23.Bd6 Re8 24.Qf4 Rxe4 25.Nxe4 Nf5 26.Qe5 Nxd6 27.Nxd6 Bc7 28.Rd1 Bxd6 29.Rxd6 Rf8
30.Rg3 Ba6 31.Qe7 Nc8 32.Rxa6  1-0

[Event "Petrov mem"]
[Site "St Petersburg"]
[Date "1996.??.??"]
[Round "9"]
[White "Novgorodskij, Vladimir"]
[Black "Komliakov, Viktor"]
[Result "1-0"]
[WhiteElo "2325"]
[BlackElo "2500"]

1.e4 d6 2.d4 Nf6 3.Nc3 c6 4.f4 Qa5 5.Bd3 e5 6.Nf3 Bg4 7.Be3 exd4 8.Bxd4 Qb4
9.Be2 Nxe4 10.O-O d5 11.Nxe4 dxe4 12.c3 Qe7 13.Ne5 Bxe2 14.Qxe2 c5 15.Bf2 Nc6
16.Rad1 Qe6 17.Qb5 Rc8 18.Bh4 Bd6 19.Qxb7 Bxe5 20.f5 Rb8 21.Qxb8+ Bxb8 22.fxe6 fxe6
23.Rde1 Ne7 24.Rxe4 Ng6 25.Rxe6+ Kd7 26.Re4 Nxh4 27.Rxh4 Be5 28.Ra4  1-0

[Event "Jacques Lemans op16"]
[Site "St Veit"]
[Date "1996.??.??"]
[Round "7"]
[White "Mussnig, Manfred"]
[Black "Vokroj, Rene"]
[Result "0-1"]
[WhiteElo "1965"]
[BlackElo "2245"]

1.e4 d6 2.d4 Nf6 3.Nc3 c6 4.f3 Nbd7 5.Be3 e5 6.Bc4 Be7 7.Qd2 O-O 8.Bb3 b5
9.Nce2 d5 10.dxe5 Nxe5 11.Bd4 Nc4 12.Bxc4 bxc4 13.exd5 Nxd5 14.f4 Re8 15.Nf3 Bb4
16.c3 Bd6 17.O-O f6 18.Bf2 Qc7 19.Bg3 Rb8 20.Kh1 Qb7 21.b3 cxb3 22.axb3 Qxb3
23.Rfd1 Qc4 24.Ned4 Nxc3 25.Rdc1 Bb4 26.Rxa7 c5 27.Nc6 Rb7 28.Rxb7 Bxb7 29.Nxb4 cxb4
30.Qd4 Qxd4 31.Nxd4 Ne2 32.Rc7 Nxg3+ 33.hxg3 Bd5 34.Nf5 Kf8 35.Rc5 Bf7 36.Rb5 b3
37.Kg1 Rd8 38.Kf2 Be6 39.Ne3 Rd2+ 40.Ke1 Ra2 41.f5 b2 42.Nd1 Bxf5 43.Nxb2 Be4
44.Kf2 h5 45.Rb4 Ba8 46.Rb3 Kf7 47.Rb4 Ke6 48.Kf1 g5 49.Rb5 Bd5 50.Rb8 Kf5
51.Rb5 Ke5 52.Rb4 Kd6 53.Rb8 Ra3 54.Kf2 Rc3 55.Rd8+ Ke6 56.Re8+ Kf5 57.Re2 Bb3
58.Rd2 Rc2 59.Rxc2 Bxc2 60.Nc4 Ke4 61.Ne3 Bb3 62.Nf1 Kd3 63.Ne3 Be6 64.Kf3 Bd7
65.Kf2 Ke4 66.Nf1 Bb5 67.Ne3 f5 68.Nd1 Bd7 69.Ne3 Ba4 70.Nf1 g4 71.Nd2+ Kd4
72.Nf1 Bc2 73.Ne3 Bd3 74.Nd1 Be4 75.Ne3 Bd3 76.Nd1 Ke4 77.Nc3+ Ke5 78.Nd1 Kf6
79.Ne3 Kg5 80.Nd1 h4 81.gxh4+ Kxh4 82.Nb2 Bb5 83.Nd1 f4 84.Nc3 Bc6 85.Ne2 Kg5
86.Nd4 g3+ 87.Kf1 Bd5 88.Kg1 Kf6 89.Ne2 Ke5 90.Nc3 Bc6 91.Ne2 Ke4 92.Nc3+ Kd3
93.Nb1 Bb5 94.Na3 Ba6 95.Nb1 Kc2 96.Na3+ Kb2 97.Kh1 Kxa3 98.Kg1 Kb2 99.Kh1 Kc2
100.Kg1 Kd2 101.Kh1 Ke1 102.Kg1 Bb7 103.Kh1 f3 104.gxf3 Bxf3+ 105.Kg1 g2  0-1

[Event "Star Dojran"]
[Site "Star Dojran"]
[Date "1996.??.??"]
[Round "12"]
[White "Drazic, Sinisa"]
[Black "Krstevski, Sasko"]
[Result "1-0"]
[WhiteElo "2445"]
[BlackElo "2215"]

1.d4 d6 2.e4 Nf6 3.Nc3 e5 4.Nge2 c6 5.a4 a5 6.h3 Qb6 7.g3 Be6 8.Bg2 Bc4 9.b3 Ba6
10.Be3 Qc7 11.O-O Nbd7 12.Qd2 Be7 13.Rfe1 O-O 14.g4 Rfd8 15.Ng3 g6 16.g5 Ne8
17.h4 Ng7 18.Bh3 exd4 19.Bxd4 Ne6 20.Be3 Bf8 21.Rad1 Bg7 22.h5 Nb6 23.hxg6 hxg6
24.Nce2 d5 25.Bxe6 fxe6 26.Nf4 Re8 27.Bxb6 Qxb6 28.Nxg6 Qc5 29.e5 Kf7 30.Nf4 Rh8
31.Nfh5 Rag8 32.Kg2 b6 33.Qf4+ Ke8 34.Nf6+ Bxf6 35.exf6 Kf7 36.c4 Bc8 37.Rh1 Rxh1
38.Rxh1 dxc4 39.Rh7+ Kf8 40.Qc7  1-0

[Event "Stary Smokovec op"]
[Site "Stary Smokovec"]
[Date "1996.??.??"]
[Round "?"]
[White "Volak, Michal"]
[Black "Dobrovolsky, Ladislav"]
[Result "0-1"]
[WhiteElo "2180"]
[BlackElo "2395"]

1.d4 d6 2.e4 Nf6 3.Nc3 c6 4.f4 Qa5 5.Bd3 e5 6.Nf3 Bg4 7.Be3 Nbd7 8.Qd2 Be7
9.O-O Bxf3 10.Rxf3 Ng4 11.Nd1 Qxd2 12.Bxd2 exd4 13.Rg3 h5 14.Be2 Nc5 15.Bxg4 hxg4
16.Rxg4 Nxe4 17.Be1 f5 18.Rxg7 Kf8 19.Rg3 Nxg3 20.Bxg3 Bh4 21.Bxh4 Rxh4 22.g3 Rh7
23.Nf2 Re8 24.Rd1 Re2 25.Rxd4 Rxc2  0-1

[Event "Rilton Cup 96/97"]
[Site "Stockholm"]
[Date "1996.??.??"]
[Round "6"]
[White "Yakovich, Yuri"]
[Black "Johansson, Jan"]
[Result "1-0"]
[WhiteElo "2530"]
[BlackElo "2365"]

1.d4 d6 2.e4 Nf6 3.Nc3 Nbd7 4.f4 e5 5.Nf3 exd4 6.Qxd4 Nc5 7.Be3 g6 8.O-O-O Bg7
9.e5 Ng4 10.Bg1 Nh6 11.Qb4 a5 12.Qa3 Ne6 13.exd6 O-O 14.dxc7 Qxc7 15.Nd5 Qb8
16.Nb6 Nxf4 17.Nxa8 Qxa8 18.Bd4 b5 19.Bxg7 Kxg7 20.Qc3+ Kg8 21.Qe3 Qb8 22.Rd4  1-0

[Event "SUI-chT"]
[Site "SUI"]
[Date "1996.??.??"]
[Round "1"]
[White "Gallagher, Joseph G"]
[Black "Schmidt Schaeffer, Sebastian"]
[Result "1-0"]
[WhiteElo "2530"]
[BlackElo "2405"]

1.e4 d6 2.d4 Nf6 3.Nc3 Nbd7 4.Nge2 e5 5.g3 Be7 6.Bg2 c6 7.a4 O-O 8.h3 b6
9.O-O a6 10.g4 Ne8 11.f4 Rb8 12.Be3 exf4 13.Nxf4 Bg5 14.Qd2 Nc7 15.Nce2 Re8
16.Ng3 Nf8 17.Nfh5 Bh4 18.Nf5 Bxf5 19.exf5 d5 20.g5 Nd7 21.f6 g6 22.Ng7 Rf8
23.Qe2 Nxf6 24.Rxf6 Qe7 25.Ra3 Bxg5 26.Rxc6 Kxg7 27.Qf2 Bh4 28.Qd2 Rfe8 29.Bf4 Rb7
30.Re3 Ne6 31.Bxd5 Qd7 32.Rd6 Qc8 33.Bxb7 Qxb7 34.Be5+ Kg8 35.Qg2 Qc8 36.Qd5 Ng5
37.Bf6 Nxh3+ 38.Kh2 Nf4 39.Rxe8+ Qxe8 40.Rd8 Qxd8 41.Qxd8+  1-0

[Event "SUI-chT"]
[Site "SUI"]
[Date "1996.??.??"]
[Round "3"]
[White "Godena, Michele"]
[Black "Schmidt Schaeffer, Sebastian"]
[Result "1-0"]
[WhiteElo "2550"]
[BlackElo "2405"]

1.e4 d6 2.d4 Nf6 3.Nc3 Nbd7 4.g3 e5 5.Nge2 Be7 6.Bg2 O-O 7.O-O c6 8.a4 b6
9.d5 cxd5 10.Nxd5 Nxd5 11.Qxd5 Ba6 12.Re1 Rc8 13.Nc3 Rc4 14.Be3 Nf6 15.Qd1 Bb7
16.Qd3 Qc8 17.a5 d5 18.Nxd5 Bxd5 19.exd5 e4 20.Qd1 Rd8 21.axb6 axb6 22.c3 Rxd5
23.Qb3 b5 24.Bd4 Bc5 25.Qxb5 Rcxd4 26.cxd4 Bxd4 27.Qc4 Qd8 28.Bxe4 Nxe4 29.Rxe4  1-0

[Event "SUI-chT"]
[Site "SUI"]
[Date "1996.??.??"]
[Round "4"]
[White "Vezzosi, Paolo"]
[Black "Schmidt Schaeffer, Sebastian"]
[Result "1-0"]
[WhiteElo "2310"]
[BlackElo "2405"]

1.e4 d6 2.d4 Nf6 3.Nc3 Nbd7 4.Nf3 e5 5.Bc4 Be7 6.O-O O-O 7.a4 c6 8.Qe2 b6
9.Rd1 Qc7 10.d5 Bb7 11.a5 cxd5 12.exd5 Rfc8 13.a6  1-0